Quiz club Ligue 1 23/24 - Statistiques

Statistiques générales
  • Ce quiz a été pris 76 fois
  • Le résultat moyen est 7 sur 18
Statistiques - réponses
Question Réponse % Correct
Combien de championnat de France de Ligue 1 possède actuellement (12/10/23) le Stade Rennais 0
80%
Quel était le nom de l'ancien Stade de l'OGC Nice détruit en 2017. Stade du Ray
80%
Quel était le duo d'attaque magique de Toulouse entre 2013 et 2016 ? Wissam Ben Yedder / Martin Braithwaite
80%
Pourquoi le RC Lens a-t-il fait un maillot extérieur vert et noir ? Ce sont les premières couleurs historiques du club
60%
Quelle est la particularité du Havre ? C'est le tout premier club Français de l'histoire
60%
Joueur brésilien très important du récent passé du Stade de Reims, je n'ai malheureusement jamais eu ma chance dans un grand club et préfère m'installer du côté des Emirats Arabes Unis pour la suite de ma carrière. Diego Rigonato
60%
Que pouvons nous remarquer sur le récent logo du FC Metz : La Croix de Lorraine
60%
Lors de quelle saison Montpellier est remonté en Ligue 1 2008/2009
40%
Le "sable magique" est une histoire bien connue à Nantes mais pourquoi ? Il a permis au club d'obtenir une invincibilité extraordinaire de 92 matchs à domicile sans défaites
40%
Au PSG depuis 2015, Layvin Kurzawa est considéré par beaucoup comme une véritable erreur de casting dès ses premiers matchs, pourtant l'ancien monégasque va sortir une prestation historique lors d'un soir de Ligue des Champions en 2017. Il devient le premier défenseur de l'histoire à inscrire un triplé en LDC
40%
Arrivé pour 3 millions d'euros à Monaco en provenance de la Masia lors de la saison 2017/2018, je suis considéré comme un grand espoir du football espagnol mais je n'ai pourtant pas explosé, qui suis-je ? Jordi Mboula
40%
Enfin, Clermont est le tout premier club français à avoir : Une femme qui coach son équipe masculine
40%
Connu pour mon sens du but irréprochable, un extérieur du pied imparable et une intelligence de jeu remarquable, j'arrive à l'OM en 2017 pour faire le bonheur des supporters, je suis ? Clinton Njie
20%
En 1954, le LOSC pense faire une bonne opération en recrutant la pépite hongroise Joseph Zacharias, mais que va-t-il se passer ensuite ? Pendant la mi-temps de son premier match, les dirigeants lillois reçoivent des infos du vrai Zacharias resté à Budapest. L'imposteur sera arrêté et écopera de six mois de prison ferme.
20%
Lequel de ces internationaux français est passé par le RC Strasbourg ? Youssouf Fofana
20%
Au cours de son histoire, une équipe du Stade Brestois a remporté un titre international. C'était il y a plus de 10ans, en Mars 2013, mais lequel est-ce ? Le championnat YMCA 2013
0%
Pour quelle raison Marcelo a-t-il été écarté du groupe Lyonnais puis envoyé en prêt du ôté de Bordeaux ? Suite à une histoire de flatulences
0%
Président actuel du club du FC Lorient, Loïc Féry n'est pas le seul homme de la famille à connaître le sport de haut niveau, quel sport pratique son fils Arthur ? Tennis
0%
Aucun quiz correspondant
Distribution des résultats
% des personnes avec chaque résultat
Percentile par nombre de réponses
Votre historique - résultats
Vous n’avez pas pris ce quiz